Land etter bilde #1 - Statistics

General Stats
  • This quiz has been taken 254 times
  • The average score is 7 of 15
Answer Stats
Picture Answer % Correct
Australia
95%
Brasil
86%
Russland
79%
Japan
74%
Norge
73%
Island
67%
Mexico
55%
Tyskland
51%
Thailand
40%
Israel / Palestina
36%
Canada
25%
India
24%
De forente arabiske emirater
21%
Venezuela
8%
New Zealand
4%
No matching quizzes found
Score Distribution
Percent of People with Each Score
Percentile by Number Answered
Your Score History
You have not taken this quiz